| 000 | 00863cab a2200217 4500 | ||
|---|---|---|---|
| 001 | L136185 | ||
| 008 | 070117n2007 000 0 eng u | ||
| 035 | _a(Sirsi) u136185 | ||
| 041 | 0 | _aeng | |
| 100 | 1 | _aCavanagh, Elaine | |
| 245 | 0 | 0 | _aFocus Buckinghamshire |
| 260 | _c2007 | ||
| 490 | 0 |
_aEstates Gazette _v(0702) 13 January 2007, 85-99(9) |
|
| 520 | _aCovers the development of High Wycombe's Eden centre and its quest to attract key retailers. Questions to what extent big international companies are returning to the area and what effect this will have on rents and asks whether an improving office market will put pressure on land supply and increase rents. | ||
| 590 | _aKA | ||
| 651 | 4 | _aBUCKINGHAMSHIRE | |
| 690 | _aPROPERTY-COMMERCIAL PROPERTY-COMMERCIAL PROPERTY MARKET | ||
| 700 | 1 | _aTaylor, Andrew | |
| 700 | 1 | _aJack, Simon | |
| 942 | _n0 | ||
| 999 |
_c78175 _d78175 |
||